Personnages jouables des jeux Mario multijoueurs - Statistiques

Statistiques générales
  • Ce quiz a été pris 55 fois
  • Le résultat moyen est 38 sur 141
Statistiques - réponses
Réponse : Première apparition : Année de sortie : % Correct
Mario Golf 1984
100%
Luigi NES Open Tournament Golf 1991
96%
Peach Super Mario Kart 1992
96%
Donkey Kong Mario Kart 64 1997
93%
Bowser Super Mario Kart 1992
91%
Yoshi Super Mario Kart 1992
91%
Daisy Mario Tennis 2000
85%
Wario Mario Kart 64 1997
85%
Toad Super Mario Kart 1992
80%
Waluigi Mario Tennis 2000
80%
Harmonie Mario Kart Wii 2008
76%
Sonic Mario & Sonic aux Jeux olympiques 2007
76%
Bébé Mario Mario Golf 1999
70%
Bébé Peach Mario Kart Wii 2008
70%
Bowser Jr. Mario Kart: Double Dash! 2003
70%
Bébé Daisy Mario Kart Wii 2008
67%
Boo Mario Tennis 2000
67%
Bébé Luigi Mario Kart: Double Dash! 2003
61%
Diddy Kong Mario Kart: Double Dash! 2003
61%
Koopa Super Mario Kart 1992
61%
Toadette Mario Kart: Double Dash! 2003
57%
Skelerex Mario Party 7 2005
52%
Goomba Mario Superstar Baseball 2005
50%
Maskass Mario Tennis 2000
50%
Bébé Harmonie Mario Kart 8 2014
46%
Birdo Mario Tennis 2000
46%
Funky Kong Mario Kart Wii 2008
46%
Roi Boo Mario Kart: Double Dash! 2003
46%
Link Mario Kart 8 2014
43%
Mario de métal Mario Golf 1999
43%
Mii Mario Kart Wii 2008
43%
Amy Mario & Sonic aux Jeux olympiques 2007
41%
Larry Mario Kart 8 2014
41%
Wiggler Mario Power Tennis 2004
41%
Donkey Kong Jr. Super Mario Kart 1992
39%
Dr. Eggman Mario & Sonic aux Jeux olympiques 2007
39%
Kamek Mario Superstar Baseball 2005
39%
Knuckles Mario & Sonic aux Jeux olympiques 2007
39%
Tails Mario & Sonic aux Jeux olympiques 2007
39%
Lemmy Mario Kart 8 2014
37%
Ludwig Mario Kart 8 2014
37%
Bowser Skelet Mario Kart Wii 2008
35%
Lakitu Mario Kart 7 2011
35%
Morton Mario Kart 8 2014
35%
Peach d'or rose Mario Kart 8 2014
35%
Pauline Mario Tennis Aces 2018
33%
R.O.B. Mario Kart DS 2005
33%
Roy Mario Kart 8 2014
33%
Shadow Mario & Sonic aux Jeux olympiques 2007
33%
Flora Piranha Mario Kart: Double Dash! 2003
30%
Iggy Mario Kart 8 2014
30%
Mario tanuki Mario Kart 8 2014
30%
Paratroopa Mario Tennis 2000
30%
Peach chat Mario Kart 8 2014
30%
Wendy Mario Kart 8 2014
30%
Silver Mario & Sonic aux Jeux olympiques d'hiver 2009
28%
Blaze Mario & Sonic aux Jeux olympiques 2007
26%
Luma Mario Tennis Open 2012
26%
Mario d'or Mario Golf: World Tour 2014
26%
Metal Sonic Mario & Sonic aux Jeux olympiques d'hiver 2009
26%
Reine des abeilles Mario Kart 7 2011
26%
Vector Mario & Sonic aux Jeux olympiques 2007
26%
Villageois Mario Kart 8 2014
26%
Dixie Kong Mario Superstar Baseball 2005
24%
Marie Mario Kart 8 2014
24%
Villageoise Mario Kart 8 2014
24%
Topi Taupe Mario Superstar Baseball 2005
20%
Chomp Mario Tennis Aces 2018
17%
Roi Bob-omb Mario Kart Tour 2019
17%
Rouge Mario & Sonic aux Jeux olympiques de Rio 2016 2016
17%
Jet Mario & Sonic aux Jeux olympiques de Rio 2016 2016
15%
Pac-Man Mario Kart Arcade GP 2005
15%
Papy Champi Mario Superstar Baseball 2005
15%
Peachette Mario Kart Tour 2019
15%
Eggman Nega Mario & Sonic aux Jeux olympiques de Rio 2016 2016
13%
Fille Inkling Mario Kart 8 Deluxe 2017
13%
Garçon Inkling Mario Kart 8 Deluxe 2017
13%
Ninja Mario Slam Basketball 2006
13%
Bloups Mario Party 8 2007
11%
Carottin Mario Golf: World Tour 2014
11%
Cream Mario & Sonic aux Jeux olympiques de Rio 2016 2016
11%
Espio Mario & Sonic aux Jeux olympiques de Rio 2016 2016
11%
Frère Marto Mario Superstar Baseball 2005
11%
King K. Rool Super Mario Stadium Baseball 2008
11%
Mage Blanc Mario Slam Basketball 2006
11%
Oméga Mario Smash Football 2005
11%
Omega Mario & Sonic aux Jeux olympiques de Rio 2016 2016
11%
Blinky Mario Kart Arcade GP 2005
9%
Boum Boum Mario Tennis Aces 2018
9%
Frère Boomerang Mario Superstar Baseball 2005
9%
Gluant Mario Sports Mix 2011
9%
Mage Noir Mario Slam Basketball 2006
9%
Mini Bowser Mario Party 5 2003
9%
Pampa Mario Slam Basketball 2006
9%
Paragoomba Mario Superstar Baseball 2005
9%
Poum Poum Super Mario Party 2018
9%
Spike Mario Party 10 2015
9%
Angelo Course à la fortune 2012
7%
Antimario Mario Golf: Toadstool Tour 2003
7%
Frère Pyro Mario Superstar Baseball 2005
7%
Hélico Maskass Mario Power Tennis 2004
7%
Kritter Mario Strikers Charged Football 2007
7%
Mog Mario Slam Basketball 2006
7%
Ms. Pac-Man Mario Kart Arcade GP 2005
7%
Ninji Mario Golf: Super Rush 2021
7%
Pianta Mario Superstar Baseball 2005
7%
Sticks Mario & Sonic aux Jeux olympiques de Rio 2016 2016
7%
Zazz Mario & Sonic aux Jeux olympiques de Rio 2016 2016
7%
Alina Course à la fortune 2012
4%
Bébé Donkey Kong Super Mario Stadium Baseball 2008
4%
Don-chan Mario Kart Arcade GP DX 2013
4%
Jessica Course à la fortune 2012
4%
Kiryl Course à la fortune 2012
4%
Lordragon Course à la fortune 2012
4%
Olivier Course à la fortune 2012
4%
Ornithox Course à la fortune 2012
4%
Princesse Libella Mario Tennis: Ultra Smash 2015
4%
Priscille Course à la fortune 2012
4%
Pyro Piranha Mario Tennis Aces 2018
4%
Stella Course à la fortune 2012
4%
Tulipe Course à la fortune 2012
4%
Wave Mario & Sonic aux Jeux olympiques de Rio 2016 2016
4%
Yangus Course à la fortune 2012
4%
Zavok Mario & Sonic aux Jeux olympiques de Rio 2016 2016
4%
Bianca Course à la fortune 2012
2%
Bill Dozer Mario Kart Tour 2019
2%
Capitaine Toad Mario Kart Tour 2019
2%
Charlie Mario Golf 1999
2%
Harry Mario Golf 1999
2%
Mametchi Mario Kart Arcade GP 2 2007
2%
Maple Mario Golf 1999
2%
Noki Mario Superstar Baseball 2005
2%
Plum Mario Golf 1999
2%
Poochy Mario Kart Tour 2019
2%
Sonny Mario Golf 1999
2%
Tiny Kong Super Mario Stadium Baseball 2008
2%
Azalea Mario Golf 1999
0%
Joe Mario Golf 1999
0%
Kid Mario Golf 1999
0%
Sherry Mario Golf 1999
0%
Skelangoisse Super Mario Stadium Baseball 2008
0%
Aucun quiz correspondant
Distribution des résultats
% des personnes avec chaque résultat
Percentile par nombre de réponses
Votre historique - résultats
Vous n’avez pas pris ce quiz